000 00802nam a2200193 a 4500
005 20160825020003.0
008 160317b2007 ck a gr|||| 00| 0 spa d
040 _aCO-BoIAVH
_cCO-BoIAVH
041 0 _aspa
044 _ack
082 0 4 _a333.72028
_bC82p
110 2 _aCorporación Autónoma Regional del Magdalena
245 1 0 _aPrácticas de producción conservación sostenible y prevención de riesgos en el área rural del corregimiento de Macaraquilla-municipio de Aracataca-departamento del Magdalena
260 _aSanta Marta :
_bCORPAMAG :
_bEcopetrol,
_c2007.
300 _a30 páginas :
_bilustraciones (algunas a color) ;
_c21 x 16 centímetros
650 6 _aPrácticas agrícolas
_xproducción
650 6 _aPrácticas agrícolas
_xconservación
942 _cLIBRO
_2ddc
_01
999 _c6702
_d6702